LEADER 01524nam a2200301 a 4500 001 000000156016 003 CaOOAMICUS 005 20161109110042.0 008 161109s1994 it u000 u eng r 032 $aLibriCat 040 $aPUL$bita 100 1 $aMijares, Emmanuel S.$0(OLS)http://pul/name/99430 245 10$aBuddhism and the religious thought of Kitaro Nishida as a development of his theory of pure experience /$cEmmanuel S. Mijares. 260 $aRoma :$bPontificia Università S. Tommaso d'Aquino,$c1994. 300 $a91 p. ;$c24 cm. 500 $aIn testa al front.: Pontificia Studiorum Universitas a S. Thoma Aq. in Urbe. 502 $aEstratto da tesi -- Pontificiam Universitatem S. Thomae de Urbe, Facultate Philosophiae, 1994. 504 $aBibliografia in nota. 600 14$aNishida, Kitaro,$d1870-1945.$0(OLS)http://pul/subject/43936 650 4$aBuddismo.$0(OLS)http://pul/subject/39882 710 2 $aPontificia Università S. Tommaso.$bFacoltà di filosofia.$kTesi.$0(OLS)http://pul/name/83008 850 $aPUL 852 $aPUL$W1$xDP1 Tesi Pon. Univ. S. Tommaso$y44$mTH S.THOM 957$j179190$qTesi$B182355$CPULBib$Z2$F182355 $H76297 $81 941 1 $a16 960 $aBuddhismo$939882 996 $6245$aBuddhism and the religious thought of Kitaro Nishida as a development of his theory of pure experience$9(OLS)http://pul/title/195660 996 $6260$aRoma :$bPontificia Università S. Tommaso d'Aquino$9(OLS)http://pul/publisher/74417 LEADER 02100nam a2200361 a 4500 001 000000163640 003 CaOOAMICUS 005 20171024170429.0 008 171024s1955 it m u000 udspa r 032 $aLibriCat 040 $aPUL$bita 100 1 $aCastillo Lara, Rosalio José,$ccard.,$d1922-$0(OLS)http://pul/name/11810 245 13$aLa potestad coactiva material suprema de la Iglesia en las Actas Conciliares y Epístolas de los Romanos Pontífices desde Alejandro III hasta Bonifacio VIII : $binvestigaciones sobre un presupuesto fundamental de las relaciones entre Sacerdotium e e Imperium / $cRosalio Castillo Lora. 260 $aAugustae Taurinorum :$b[s.n.],$c1955. 300 $a52 p. ;$c24 cm. 502 $aEstratto di Tesi. Pontificium Athenaeum Salesianum. Facultas Juris Canonici.1955. 504 $aBibliografia in nota a piè pagina. 600 04$aBonifacius PP.$bVIII,$dc. 1230-1303.$0(OLS)http://pul/subject/1810 600 04$aAlexander PP.$bIII,$dm. 1181.$0(OLS)http://pul/subject/9314 710 2 $aPontificio Ateneo Salesiano$kTesi.$0(OLS)http://pul/name/105057 850 $aPUL 852 $aPUL$W1$xDP1 Tesi Pon. Univ. Salesiana$y46$mTH SAL 36$j187795$qTesi$B190882$CPULBib$Z2$F190882 $H19542 $82 941 1 $a16 960 $aPapi (1294-1303 : Bonifacius PP. VIII)$91810 960 $aPapi (1294-1303 : Bonifacius PP. VIII)$91810 960 $aBonifacio$bVIII,$cpapa,$dc. 1230-1303$91810 960 $aCaetani, Benedetto,$dc. 1230-1303$91810 960 $aAlessandro$bIII,$cpapa,$d1159-1181$99314 960 $aBandinelli, Rolando,$d1159-1181$99314 960 $aPapi (1159-1181 : Alexander PP. III)$99314 996 $6245$aLa potestad coactiva material suprema de la Iglesia en las Actas Conciliares y Epístolas de los Romanos Pontífices desde Alejandro III hasta Bonifacio VIII : $binvestigaciones sobre un presupuesto fundamental de las relaciones entre Sacerdotium e e Imperium / $9(OLS)http://pul/title/203347 996 $6260$aAugustae Taurinorum :$b[s.n.]$9(OLS)http://pul/publisher/85688